Catálogo
 En Linea

Antropología del petróleo / (Registro nro. 10625)

Detalles MARC
000 -CABECERA
campo de control de longitud fija 00866cam a2200277 a 4500
001 - NÚMERO DE CONTROL
campo de control 000010877
005 - FECHA Y HORA DE LA ÚLTIMA TRANSACCIÓN
campo de control 20251027115234.0
008 - DATOS DE LONGITUD FIJA--INFORMACIÓN GENERAL
campo de control de longitud fija 740724s1978 mx b 000 0 spa
020 ## - NÚMERO INTERNACIONAL ESTÁNDAR DEL LIBRO
Número Internacional Estándar del Libro 9682302552
035 ## - NÚMERO DE CONTROL DEL SISTEMA
Número de control de sistema (DLC) 74217702
035 ## - NÚMERO DE CONTROL DEL SISTEMA
Número de control de sistema (OCoLC)961195
040 ## - FUENTE DE LA CATALOGACIÓN
Centro catalogador/agencia de origen DO-SdBNP
Lengua de catalogación spa
Centro/agencia transcriptor NBuU
Centro/agencia modificador BNPHU
082 ## - NÚMERO DE LA CLASIFICACIÓN DECIMAL DEWEY
Número de clasificación 552.987
Número de documento/Ítem Q7a, 1978
049 ## - FONDOS LOCALES (OCLC)
Fondos de biblioteca BNGR
100 1# - ENTRADA PRINCIPAL--NOMBRE DE PERSONA
Nombre de persona Quintero, Rodolfo,
Fechas asociadas al nombre 1909-1985.
9 (RLIN) 26229
245 10 - MENCIÓN DE TÍTULO
Título Antropología del petróleo /
Mención de responsabilidad, etc. Quintero Rodolfo.
260 ## - PUBLICACIÓN, DISTRIBUCIÓN, ETC.
Lugar de publicación, distribución, etc. México :
Nombre del editor, distribuidor, etc. Siglo Veintiuno,
Fecha de publicación, distribución, etc. 1978.
300 ## - DESCRIPCIÓN FÍSICA
Extensión 252 p. ;
Dimensiones 18 cm.
504 ## - NOTA DE BIBLIOGRAFÍA, ETC.
Nota de bibliografía, etc. Bibliografías: p. 249-252.
650 #4 - PUNTO DE ACCESO ADICIONAL DE MATERIA--TÉRMINO DE MATERIA
Término de materia o nombre geográfico como elemento de entrada Petróleo
9 (RLIN) 6928
651 #0 - PUNTO DE ACCESO ADICIONAL DE MATERIA--NOMBRE GEOGRÁFICO
Nombre geográfico Venezuela
9 (RLIN) 26230
650 #4 - PUNTO DE ACCESO ADICIONAL DE MATERIA--TÉRMINO DE MATERIA
Término de materia o nombre geográfico como elemento de entrada Trabajadores petróleros
9 (RLIN) 26231
651 #4 - PUNTO DE ACCESO ADICIONAL DE MATERIA--NOMBRE GEOGRÁFICO
Nombre geográfico Industria Del Petróleo
Subdivisión general Nacionalización
9 (RLIN) 26232
651 #4 - PUNTO DE ACCESO ADICIONAL DE MATERIA--NOMBRE GEOGRÁFICO
Nombre geográfico Venezuela
Subdivisión general Condiciones Sociales
9 (RLIN) 26233
910 ## - DATOS DE OPCIÓN DEL USUARIO (OCLC)
Datos de opción del usuario Catalogación derivada
Existencias
Estado de retiro Estado de pérdida Restricciones de uso No para préstamo Código de colección Localización permanente Ubicación/localización actual Ubicación en estantería Fecha de adquisición Número de inventario Total de préstamos Signatura topográfica completa Código de barras Fecha visto por última vez Precio válido a partir de Tipo de ítem Koha
    Préstamo interno   Monografías: Libros y Folletos General General En catalogación 12.10.2009 LF1   552.987 Q7a, 1978 10877-10 25.06.2020 25.06.2020 Préstamo interno

Con tecnología Koha